Chế độ bồi thường trong luật Lao động Việt Nam

Kể từ khi thi hành Bộ luật lao động cho tới nay, Nhà nước ta đã xây dựng được hệ thống quy phạm pháp luật về chế độ bồi thường tương đối phong phú. Tuy nhiên, các quy định đó còn nhiều điểm bất cập chưa phù hợp với thực tiễn nên...

全面介紹

Đã lưu trong:
書目詳細資料
主要作者: Nguyễn, Hữu Chí
格式: 圖書
語言:Undetermined
出版: Hà Nội Tư pháp 2006
主題:
標簽: 添加標簽
沒有標簽, 成為第一個標記此記錄!
Thư viện lưu trữ: Trung tâm Học liệu Trường Đại học Cần Thơ
LEADER 01662nam a2200217Ia 4500
001 CTU_121053
008 210402s9999 xx 000 0 und d
020 |c 24000 
082 |a 344.59701 
082 |b Ch300 
100 |a Nguyễn, Hữu Chí 
245 0 |a Chế độ bồi thường trong luật Lao động Việt Nam 
245 0 |c Nguyễn Hữu Chí (chủ biên), Đỗ Gia Thắng 
260 |a Hà Nội 
260 |b Tư pháp 
260 |c 2006 
520 |a Kể từ khi thi hành Bộ luật lao động cho tới nay, Nhà nước ta đã xây dựng được hệ thống quy phạm pháp luật về chế độ bồi thường tương đối phong phú. Tuy nhiên, các quy định đó còn nhiều điểm bất cập chưa phù hợp với thực tiễn nên đã gây ra nhiều khó khăn khi áp dụng trong thực tế. Mặt khác, còn nhiều vấn đề hiện nay chưa được đề cập tới nhưng thực tế giải quyết tranh chấp Toà án đã gặp phải. Thực trạng đó đòi hỏi phải có điều chỉnh kịp thời, đáp ứng đòi hỏi của cuộc sống. Cuốn sách: " Chế độ bồi thường thiệt hại trong luật lao động Việt Nam" cung cấp cho bạn đọc những kiến thức cần thiết trong lĩnh vực này. 
650 |a Labor laws and legislation 
650 |z Vietnam 
904 |i Hiếu 
980 |a Trung tâm Học liệu Trường Đại học Cần Thơ